000 00934nam a2200241 4500
001 20096
003 BD-RjUL
005 20211209000523.0
008 140226r19341905enk 000 0 eng d
035 _a(BD-RjUL)20158
040 _aPLF
_cPLF
_dBD-RjUL
_beng
041 _aeng
082 _a263.04246
_bKEL 1934
100 1 _aKempe, Dorothy.
_d1873-1957.
_961879
245 1 4 _aThe legend of the Holy Grail :
_bits sources, character and development /
_cby Dorothy Kempe. The introduction to, & part V of, Herry Lovelich's verse "History of the Holy Grail", Early English text society, 1874-5-7-8.
260 _aLondon :
_bPublished for the Early English Text Society,
_c1905 [Reprinted 1934].
300 _axxxvii, 8 p. ;
_c23 cm.
490 1 _aExtra series / Early English Text Society ;
_vno. 95.
650 0 _aGrail.
_961880
830 0 _vno. 95
_961884
830 0 _aEarly English Text Society (Series).
_961885
942 _2ddc
_cBK
999 _c20096
_d20096